| 000 | 00876nam a22002417a 4500 | ||
|---|---|---|---|
| 005 | 20080811141834.0 | ||
| 008 | 080811t xxu||||| |||| 00| p eng d | ||
| 010 | _aENG-90708 | ||
| 020 |
_c350.00 _a9788184350456 |
||
| 035 | _aEN-74241 | ||
| 037 | _bDBAD / PUB | ||
| 040 |
_aDPL _bENGLISH |
||
| 082 | _a881 | ||
| 100 | _aCharu Sheel Singh | ||
| 245 |
_aCharu Sheel Singh collected poems (1975-2003) / _cby Charu Sheel Singh; introduction by O.P. Budholia |
||
| 260 |
_aNew Delhi _bAdhyayan Publishers & Distributors _c2008 |
||
| 300 |
_axiv, 246p. _c22 cm.(pbk) |
||
| 600 | _aCharu Sheel Singh 1955- | ||
| 650 |
_aEnglish poetry _y1975-2003 |
||
| 700 | _aMishra, Hridya Narayan | ||
| 942 |
_2ddc _cEN _h881 _mCHA |
||
| 999 |
_c14808 _d14808 |
||